Meilleurs passeurs décisifs de tous les temps Ligue des Champions - Statistiques

Statistiques générales
  • Ce quiz a été pris 487 fois
  • Le résultat moyen est 5 sur 10
Statistiques - réponses
Joueurs Nombre de Passes Décisives % Correct
Lionel Messi 39
99%
Cristiano Ronaldo 40
97%
Neymar 30
71%
Karim Benzema 27
70%
Xavi 31
59%
Angel Di Maria 36
56%
Raúl 27
25%
Ryan Giggs 41
19%
Luis Figo 34
14%
David Beckham 36
12%
Aucun quiz correspondant
Distribution des résultats
% des personnes avec chaque résultat
Percentile par nombre de réponses
Votre historique - résultats
Vous n’avez pas pris ce quiz